000 00713nam a2200217 a 4500
001 019960
003 BD-ChCU
008 Ben
020 _a
040 _aDLC
_cDLC
_dBD-ChCU
082 0 0 _a১৮১.১৫/বাং৩
100 1 _a-
_b-
245 1 0 _aবাংলাদেশে দর্শন
_bঐতিহ্য ও প্রকৃতি অনুসন্ধান
250 _a***
260 _aঢাকা
_bবাংলা একাডেমী
_c১৯৯১
300 _a**
504 _a- Biblio-
650 0 _aদর্শন, বাংলাদেশী
_bদর্শন, বাংলাদেশী
700 1 _aহারুন, শরীফ
942 _2ddc
_cBK
999 _c19960
_d19960